000 00588nam a22002057a 4500
003 OSt
005 20180302134435.0
008 180302b xxu||||| |||| 00| 0 eng d
020 _a9781259071393
040 _cDDC
082 _a621.3 ALE 2013
100 _aAlexander, Charles K.; Sadiku, Mathew N.O
_912508
245 _aFundamentals of Electronic Circuits
250 _a5th ed.
260 _aNew York; Mcgraw-hill, 2013
300 _axxii,905p.; col.ill: 25.5cm
504 _aAppendices, bibliography, & index included
650 _aElectronic circuits
_95780
942 _2z
_cB_BANK
999 _c6027
_d6027